Micro-organismes dans les ecosystemes oceaniques

Bewaard in:
Bibliografische gegevens
Hoofdauteur: Bianchi, Micheline
Formaat: Boek
Taal:Frans
Gepubliceerd in: París Masson 1989
Onderwerpen:
Tags: Voeg label toe
Geen labels, Wees de eerste die dit record labelt!

MARC

LEADER 00000nam a2200000 a 4500
001 UCX9679
003 CL-VaPUC
005 20250424171448.0
008 940621e19890000FR |||||||||||||||||fre|d
999 |c 228852  |d 228850 
040 |c Pontificia Universidad Católica de Valparaíso 
082 0 4 |a 576.192 BIA 1989  |2 21 
100 0 |a Bianchi, Micheline  |9 327148 
245 1 0 |a Micro-organismes dans les ecosystemes oceaniques 
260 |a París  |b Masson  |c 1989 
300 |a 447 páginas 
583 |a last modification  |c 20141217 03:41:06  |k Rodrigo Vera 
650 7 |a MICROBIOLOGIA MARINA  |2 CL-VaPUC  |9 327149 
650 0 |a Bacterias  |9 298237 
650 0 |a Bacteriología  |9 259330 
942 |c BK  |2 ddc 
945 |d 19940621 00:00:00  |a mfernand 
952 |0 0  |1 0  |2 ddc  |4 0  |6 576_192000000000000_BIA_1989  |7 0  |8 CCM  |9 229325  |a BIBCUR  |b BIBCUR  |d 2019-11-15  |i 2987813  |o 576.192 BIA 1989  |p 2987813  |r 2025-04-22  |t 1  |w 2019-11-15  |y BK  |k CIM